000 00872nam a22002897a 4500
999 _c311994
_d311994
001 25695
003 UA-OsUOA
005 20230504161216.0
007 ta
008 20040423b un ||||| |||| 00| 0 ukr d
020 _a9666083248
040 _aUA-OsUOA
_bukr
_cUA-OsUOA
_dUA-OsUOA
041 _aukr
044 _aUA
080 _a316.6(042.3)
090 _a316.6(042.3)
_bА73
100 _aАнуфриева Н. М.
245 _aСоциальная психология
_bкурс лекций
_cАнуфриева Н. М., Зелинская Т. Н., Зелинский Н. Е.
260 _aКиев
_bМАУП
_c2003
300 _a136 с.
650 7 _2UDC
700 _aЗелинская Т.Н.
700 _aЗелинский Н.Е.
942 _cBK
_2udc
955 _a2